1141 1946 1713 1706 1998 1709 1737 1236 1469 1785 1429 1515 1010 1334 1354 1862 1418 1490 1306 1065 1081 1483 1284 1233 1431 1145 1918 1331 1748 1825 1911 1597 1493 1459 1282 1102 1299 1183 1306 1337 1434 1598 1143 1280 1593 1993 1792 1833 1676 1083 1817 1322 1772 1699 1922 1815 1519 1707 1342 1552 1091 1440 1134 1166 1564 1769 1435 1497 1597 1285 1232 1874 1514 1412 1566 1792 1509 1540 1504 1454 1956 1449 1314 1599 1141 1429 1985 1123 1883 1355 1501 1104 1378 1654 1350 1949 1330 1698 1343 BCNSPRNW ULIB Ver.6.0+V

เปลี่ยนเป็นภาษาไทย

Change to English
 แสดงรายละเอียดบรรณานุกรม
  กลับหน้าหลัก

Brief Record : Get Marc (ISO 2709) : E-mail record : QR code < ปิดหน้าต่าง
LEADER : 00000nam 2200000uu 4500
001    13399113945
003     ULIB
008    110320s||||||||th 000 0 tha d
099    วจ.BF441^bส856ก
100 0  สุระพรรณ พนมฤทธิ์
245 00 การพัฒนากระบวนการคิดอย่างเป็นระบบของนักศึกษาพยาบาลศาสตร์บัณฑิตโดยใช้ Model Teaching/^cสุระพรรณ พนมฤทธิ์,เฉลิมพรรณ์ เมฆลอยและ อัมพร ยานะ
260    พะเยา :^bวิทยาลัยพยาบาลบรมราชชนนี พะเยา,^c2553
300    78 หน้า :^bตาราง
500    รายงานการวิจัย
650  7 การคิดอย่างเป็นระบบ^xวิจัย
650  7 การคิด^xการศึกษาและการสอน
700 0  เฉลิมพรรณ์ เมฆลอย
700 0  อัมพร ยานะ
710 2  วิทยาลัยพยาบาลบรมราชชนนี. ^bพะเยา
945    ^p0^l0^i030976
995    ทศพร
999 ^a ใช้งานได้ทุกระบบ
รายการนี้ยังไม่มีแท็ก
คุณยังไม่ได้ล็อกอิน คุณสามารถมีกิจกรรมร่วมกับเว็บไซต์ได้ แต่ต้องล็อกอินก่อน ::
  ล็อกอิน

รายการสื่อสารสนเทศ

ลำดับที่ ประเภท เลขเรียก/บาร์โค้ด สถานที่ สถานะ
1. งานวิจัย
งานวิจัย
วจ.BF441 ส856ก ฉ.1 
  Barcode: 030976
ห้องสมุดวิทยาเขตสวรรค์ประชารักษ์
►วิจัย
บนชั้น

รายการใกล้เคียง
    ผู้แต่ง [สุระพรรณ พนมฤทธิ์]

BibComment


ยังไม่เคยถูกคอมเมนท์

คอมเมนท์ทรัพยากรรายการนี้
  คอมเมนท์: การพัฒนากระบวนการ..


 Copyright 2026. Bcnsprnw @Library